| 000 | 00961nam a2200277 a 4500 | ||
|---|---|---|---|
| 001 | BRCA_8091 | ||
| 005 | 20190320210128.0 | ||
| 008 | 070414s1962----fr-a###f##---#001-0#fre-# | ||
| 041 | _afre | ||
| 044 | _afr | ||
| 050 | 4 |
_aNK7149 _b.B567 _c1962 |
|
| 100 | 1 |
_aBeuque, Emile _920118 |
|
| 245 | 1 | 0 |
_aDictionnaire des Poincons _bofficiels francaise et ètrangers, anciens et moderns _cEmile Beuque ; preface de M. Lucien PY. |
| 260 |
_aParis _bF. de Nobel _c1962 |
||
| 300 | _a2 v. (paginación variada) | ||
| 440 | 0 |
_aPlatine, or & argent _920119 |
|
| 500 | _aY129 | ||
| 500 | _aDos tomos inventariados como un sólo libro | ||
| 500 | _aMaterial inventariado por el Banco de México | ||
| 650 | 1 | 4 |
_aMetales preciosos _vDiccionarios _zFrancia _920120 |
| 650 | 1 | 4 |
_aMetales preciosos _vObjetos de arte _zFrancia _920121 |
| 650 | 1 | 4 |
_aPlatería _vColeccionistas y colecciones _zFrancia _920122 |
| 700 | 1 |
_aLucien PY, M. _920123 |
|
| 902 | _aGFM | ||
| 942 |
_2lcc _cB |
||
| 999 |
_c7759 _d7759 |
||